000 00636nam a2200289Ia 4500
005 20260324141055.0
008 008 260324s9999 xx 000 0 eng d
020 _a9781315050256
037 _aEBOOK
040 _aCRL
040 _beng
040 _cCRL
041 _2eng
041 _aeng
084 _qCRL
100 _aGary Konas
_91206827
245 0 _aNeil Simon
245 2 _bA Casebook
260 _bTaylor and Francis
260 _c1997
365 _a
365 _b130
856 _uhttp://www.taylorfrancis.com/books/9781315050256
942 _cEBOOK
999 _c1809527
_d1809527